00621nam a2200193Ia 4500008004100000020001400041082001600055100002100071245005200092250000700144260002700151300003000178500001900208600002100227650005000248942000700298952010700305999001500412240925s9999 xx 000 0 und d a672312867 a005.265 REI aReisodorph, Kent 0aSams Teach Yourself Borland Delphi 4 in 21 days aNA aIndiana:bSAMSc,1980. axxiii,918p.bNAfOriginal aIncludes Index aComputer Science aComputer science, information & general works cBK 011440708CSaUITUbUITUd2000-07-28eNAl0o005.265 REIpQ2537r2024-09-25 07:12:50w2024-09-25yBK c5036d5036